FIFA 15-16 LEICESTER CITY CHAMPIONS STARTING 11 - Statistics

General Stats
  • This quiz has been taken 43 times
  • The average score is 8 of 11
Answer Stats
Hint Answer % Correct
England (ST) Jamie Vardy
97%
Algeria (RM) Riyad Mahrez
97%
France (CM) N'Golo Kanté
92%
Denmark (GK) Kasper Schmeichel
87%
England (CM) Danny Drinkwater
71%
Jamaica (CB) Wes Morgan
71%
Japan (ST) Shinji Okazaki
63%
Austria (LB) Christian Fuchs
61%
Germany (CB) Robert Huth
61%
England (LM) Marc Albrighton
55%
England (RB) Danny Simpson
47%
No matching quizzes found
Score Distribution
Percent of People with Each Score
Percentile by Number Answered
Your Score History
You have not taken this quiz